000 00859nmc a2200313 a 4500
003 AR-BaBNM
005 20251128205916.0
008 068019s1994 ||||||||||||||000 | spa||
020 _a950-9658-26-10
040 _cAR-BaBNM
100 1 _aGarcía, Irma Luz
245 1 0 _aLa biblioteca infantil y escolar, taller dinámico
250 _a2ª ed.
260 _aBuenos Aires
_bActilibro
_c1994
300 0 _a168 p.
_bil.
490 0 _aDel taller
504 _aBibliografía p. 157-163
650 4 _aBIBLIOTECAS ESCOLARES
650 4 _aBIBLIOTECARIOS ESCOLARES
650 4 _aACTIVIDADES DE APRENDIZAJE
650 4 _aMATERIAL DE REFERENCIA
650 4 _aCATALOGACION
650 4 _aSISTEMAS DE CLASIFICACION
650 4 _aEXTENSION CULTURAL
653 0 _aTALLERES EDUCATIVOS
700 1 _aRobledo, Adriana
942 _cBK
998 _cCARMEN
999 _c13254
_d13254